Megawatt infrared laser chemistry (Record no. 29697)

MARC details
000 -LEADER
fixed length control field 00281nam a2200109Ia 4500
082 ## - DEWEY DECIMAL CLASSIFICATION NUMBER
Classification number 543.42
Item number GRU
100 ## - MAIN ENTRY--AUTHOR NAME
Personal name Grunwald, Ernest
245 #0 - TITLE STATEMENT
Title Megawatt infrared laser chemistry
260 ## - PUBLICATION, DISTRIBUTION, ETC. (IMPRINT)
Place of publication New York
Name of publisher John Wiley
Year of publication 1978
942 ## - ADDED ENTRY ELEMENTS (KOHA)
Koha item type Books
Holdings
Withdrawn status Lost status Damaged status Not for loan Home library Current library Date acquired Cost, normal purchase price Full call number Accession Number Koha item type
        RRII Library RRII Library 16/12/2021 15.00 543.42 GRU 10279 Books